| 000 | 00000nam 2200000za 4500 |
| 001 | 9.691489 |
| 003 | CaOODSP |
| 005 | 20240925091302 |
| 007 | cr ||||||||||| |
| 008 | 150407s2008 onc #o f000 0 eng d |
| 020 | |a978-1-100-10907-7 |
| 040 | |aCaOODSP|beng |
| 043 | |an-cn--- |
| 086 | 1 |aV32-210/2008E-PDF |
| 110 | 1 |aCanada. |bVeterans Affairs Canada. |bResearch Directorate. |
| 245 | 10|aPersistent symptoms following mild traumatic brain injury (mTBI) : |h[electronic resource]|ba resource for clinicians and staff / |c[by] James M. Thompson. |
| 260 | |aCharlottetown - Prince Edward Island : |bVeterans Affairs Canada |cSeptember 2008. |
| 300 | |a26p.|breferences |
| 490 | 1 |aResearch Directorate technical report |
| 590 | |a12-24-Supp|b2012-05-30 |
| 690 | 07|aChronic diseases|2gcpds |
| 720 | 1 |aThompson, James M. |
| 775 | 08|tSymptômes persistants consécutifs à un traumatisme cérébral léger |w(CaOODSP)9.635817 |
| 830 | #0|aTechnical report (Canada. Veterans Affairs Canada. Research Directorate)|w(CaOODSP)9.844433 |
| 856 | 40|qPDF|s106 KB|uhttps://publications.gc.ca/collections/collection_2011/acc-vac/V32-210-2008-eng.pdf |